<?xml version="1.0" encoding="UTF-8"?>
<resp>
  <nextPage>https://data.bn.org.pl/api/networks/bibs.marcxml?marc=001+b1000002969358&amp;sinceId=1000002969359</nextPage>
  <collection>
    <record xmlns='http://www.loc.gov/MARC21/slim'><leader>01940naa a2200601 i 4500</leader><controlfield tag='001'>b1000002969358</controlfield><controlfield tag='005'>20260117072919.4</controlfield><controlfield tag='008'>230713s2023    pl           |000 0 pol c</controlfield><controlfield tag='009'>9913275795105606</controlfield><datafield ind1=' ' ind2=' ' tag='015'><subfield code='a'>BZCz 2023/30319</subfield></datafield><datafield ind1=' ' ind2=' ' tag='035'><subfield code='a'>(PL)b1000002969358</subfield></datafield><datafield ind1=' ' ind2=' ' tag='040'><subfield code='a'>WA N</subfield><subfield code='c'>WA N</subfield><subfield code='d'>WA N</subfield></datafield><datafield ind1=' ' ind2=' ' tag='046'><subfield code='k'>2023</subfield></datafield><datafield ind1=' ' ind2=' ' tag='080'><subfield code='8'>1.1\x</subfield><subfield code='a'>659(045/046)</subfield></datafield><datafield ind1=' ' ind2=' ' tag='080'><subfield code='8'>1.2\x</subfield><subfield code='a'>36(045/046)</subfield></datafield><datafield ind1='1' ind2=' ' tag='100'><subfield code='a'>Beźnicki, Filip</subfield><subfield code='e'>Wywiad</subfield></datafield><datafield ind1='1' ind2='0' tag='245'><subfield code='a'>O zmianie, której nie było :</subfield><subfield code='b'>raport marka i marketer roku /</subfield><subfield code='c'>Filip Beźnicki ; rozmawiał  Tomasz Wygnański.</subfield></datafield><datafield ind1=' ' ind2=' ' tag='260'><subfield code='c'>2023.</subfield></datafield><datafield ind1=' ' ind2=' ' tag='336'><subfield code='a'>Tekst</subfield><subfield code='b'>txt</subfield><subfield code='2'>rdacontent</subfield></datafield><datafield ind1=' ' ind2=' ' tag='337'><subfield code='a'>Bez urządzenia pośredniczącego</subfield><subfield code='b'>n</subfield><subfield code='2'>rdamedia</subfield></datafield><datafield ind1=' ' ind2=' ' tag='338'><subfield code='a'>Wolumin</subfield><subfield code='b'>nc</subfield><subfield code='2'>rdacarrier</subfield></datafield><datafield ind1=' ' ind2=' ' tag='380'><subfield code='a'>Artykuły</subfield></datafield><datafield ind1=' ' ind2=' ' tag='380'><subfield code='a'>Literatura faktu, eseje, publicystyka</subfield></datafield><datafield ind1='1' ind2=' ' tag='388'><subfield code='a'>2001-</subfield></datafield><datafield ind1=' ' ind2='7' tag='650'><subfield code='a'>Kampania reklamowa</subfield><subfield code='2'>DBN</subfield></datafield><datafield ind1=' ' ind2='7' tag='650'><subfield code='a'>Komunikacja marketingowa</subfield><subfield code='2'>DBN</subfield></datafield><datafield ind1=' ' ind2='7' tag='650'><subfield code='a'>Konsumenci i konsumentki</subfield><subfield code='2'>DBN</subfield></datafield><datafield ind1=' ' ind2='7' tag='650'><subfield code='a'>Marka (ekonomia)</subfield><subfield code='2'>DBN</subfield></datafield><datafield ind1=' ' ind2='7' tag='650'><subfield code='a'>Marketing</subfield><subfield code='2'>DBN</subfield></datafield><datafield ind1=' ' ind2='7' tag='651'><subfield code='a'>Polska</subfield><subfield code='2'>DBN</subfield></datafield><datafield ind1=' ' ind2='7' tag='651'><subfield code='a'>Świat</subfield><subfield code='2'>DBN</subfield></datafield><datafield ind1=' ' ind2='7' tag='655'><subfield code='a'>Wywiad dziennikarski</subfield><subfield code='2'>DBN</subfield></datafield><datafield ind1=' ' ind2='7' tag='655'><subfield code='a'>Artykuł z czasopisma fachowego</subfield><subfield code='2'>DBN</subfield></datafield><datafield ind1=' ' ind2=' ' tag='658'><subfield code='a'>Zarządzanie i marketing</subfield></datafield><datafield ind1='1' ind2=' ' tag='700'><subfield code='a'>Wygnański, Tomasz</subfield><subfield code='e'>Wywiad</subfield></datafield><datafield ind1='0' ind2=' ' tag='773'><subfield code='i'>W:</subfield><subfield code='t'>Media Marketing Polska.</subfield><subfield code='x'>1507-174X</subfield><subfield code='g'>2023, nr 5, s. 84-86</subfield><subfield code='w'>(PL)b0000001355777</subfield></datafield><datafield ind1=' ' ind2=' ' tag='852'><subfield code='b'>48OMNIS_NLOP</subfield><subfield code='8'>991053079326305066</subfield></datafield><datafield ind1=' ' ind2=' ' tag='852'><subfield code='b'>48OMNIS_NETWORK</subfield><subfield code='8'>9913275795105606</subfield></datafield></record>
  </collection>
</resp>
